00987nam a2200265 a 450000100060000000300080000600500170001400800410003102000240007203500190009604000270011504100080014208200250015010000250017524501020020026000840030230000280038649000280041465000290044270000480047183000360051994200120055599900170056795201370058451310BD-RjUL20211209075635.0160830r19861978caua 000 0 eng  a0803911653 :c$3.00 a(BD-RjUL)51430 aDLCcDLCdBD-RjULbeng aeng00a519.54223bKII 19861 aKim, Jae-on.915345310aIntroduction to factor analysis :bwhat it is and how to do it /cJae-on Kim, Charles W. Mueller. aBeverly Hills, Calif. :bSage Publications,cc1978 [ Thirteenth printing 1986 ] a79 p. :bill. ;c22 cm.0 aA Sage university paper 0aFactor analysis.91495221 aMueller, Charles W.,ejoint author.9153454 aA Sage university paper9153461 2ddccBK c51310d51310 00102ddc40708NFICaRUCLbRUCLcStackd1988-07-19eMahin bro g4.95l0o519.54 KII 1986r2016-08-30 00:00:00tC-2w2016-08-30yBK